| 000 | 00481nam a2200181 a 4500 | ||
|---|---|---|---|
| 001 | 938 | ||
| 003 | CDMR | ||
| 005 | 20151026134202.0 | ||
| 008 | 130130s1997||||||||||||||||||||||||||||d | ||
| 020 | _a8430604006 | ||
| 040 |
_aCDMR _bcat _cCDMR |
||
| 100 | 1 |
_aGrijelmo, Álex _9508 |
|
| 245 | 1 | 3 |
_aEl estilo del periodista _cÁlex Grijelmo |
| 260 |
_aMadrid _c1997 _bTaurus |
||
| 650 | 0 | 4 |
_93086 _aPeriodisme _xManuals d'estil |
| 650 | 0 | 4 |
_93772 _aPeriodisme--Manuals d'estil |
| 942 |
_cMON _2udc |
||
| 999 |
_c938 _d938 |
||